Ramón Menéndez Pidal : (Record n. 3612)

Dettagli MARC
000 -LEADER
fixed length control field 00843nam a2200241 i 4500
003 - CONTROL NUMBER IDENTIFIER
control field IT-RoINE
005 - DATE AND TIME OF LATEST TRANSACTION
control field 20140508154509.0
008 - FIXED-LENGTH DATA ELEMENTS--GENERAL INFORMATION
fixed length control field 990104s1998 sp r o000 bspa d
020 ## - INTERNATIONAL STANDARD BOOK NUMBER
International Standard Book Number 8478467742
040 ## - CATALOGING SOURCE
Original cataloging agency USA.GHIS
Modifying agency UPSA
Transcribing agency IT-RoINE
100 1# - MAIN ENTRY--PERSONAL NAME
Personal name Pérez Pascual, José Ignacio
9 (RLIN) 7435
245 10 - TITLE STATEMENT
Title Ramón Menéndez Pidal :
Remainder of title ciencia y pasión /
Statement of responsibility, etc José Ignacio Pérez Pascual.
260 ## - PUBLICATION, DISTRIBUTION, ETC. (IMPRINT)
Place of publication, distribution, etc [Valladolid] :
Name of publisher, distributor, etc Junta de Castilla y León, Consejería de Educación y Cultura,
Date of publication, distribution, etc 1998.
300 ## - PHYSICAL DESCRIPTION
Extent 398 p. :
Other physical details il. ;
Dimensions 24 cm.
336 ## - CONTENT TYPE
Source rdacontent
Content type term text
337 ## - MEDIA TYPE
Source rdamedia
Media type term unmediated
338 ## - CARRIER TYPE
Source rdacarrier
Carrier type term volume
490 10 - SERIES STATEMENT
Series statement Villalar 98.
-- Serie maior
504 ## - BIBLIOGRAPHY, ETC. NOTE
Bibliography, etc Bibliografía: p. [383]-398.
600 14 - SUBJECT ADDED ENTRY--PERSONAL NAME
Personal name Menéndez Pidal, Ramón,
9 (RLIN) 6237
Dates associated with a name 1869-1968
General subdivision Biografía
830 #0 - SERIES ADDED ENTRY--UNIFORM TITLE
9 (RLIN) 6977
Uniform title Villalar 98.
Name of part/section of a work Serie maior
942 ## - ADDED ENTRY ELEMENTS (KOHA)
Item type Monografías
Dati di copia
Withdrawn status Lost status Damaged status Not for loan Home library Current library Date acquired Total Checkouts Full call number Barcode Date last seen Price effective from Koha item type
        Iglesia Nacional Española en Roma Iglesia Nacional Española en Roma 08/05/2014   BIO 1595 4077 08/05/2014 08/05/2014 Monografías